000 00401nam a2200145Ia 4500
008 230917s9999||||xx |||||||||||||| ||und||
040 _e54244
_aMAIN
041 _aEnglish
082 _a352.054 P39P
100 _aArora, Ramesh K, ed.
245 0 _aPeople-centered goverance: Essays in honour of Prof K D Trivedi
260 _aJaipur
_bAalekh Publishers
_c2001
300 _avii, 321 p.
942 _cBK
999 _c93254
_d93254